000 00686nam a22002052 4500
001 0000012052
005 20151217155849.0
008 090127s xx 000 0 eng d
040 _aKABU
_cKABU
100 1 _aWolff, Richard D.
_@0000168234
245 1 0 _aBritain and Kenya, 1870-1930 :
_bthe economics of colonialism /
_cRichard D. Wolff.
250 _a1st ed.
260 _aNairobi :
_bTransafrica,
_c1974.
300 _axv, 203 p.
651 0 _aKenya
_xEconomic policy.
_@0000150198
651 0 _aGreat Britain
_xColonies
_xEconomic conditions
_xCase studies.
_@0000168235
852 1 _9p500 KES
908 _a090127
950 _@1
999 _c13446
_d13446